Culinary Fruits A-Z - Statistics

General Stats
  • This quiz has been taken 79 times
  • The average score is 17 of 25
Answer Stats
Letter Type Typical Use Clue Answer % Correct
G Berry Wine Grows on a vine Grape
97%
A Stoned Guacamole Alligator pear Avocado
94%
L Citrus Marmalade Yellow fruit often squeezed Lemon
93%
O Citrus Juice The fruit, not the color Orange
93%
D Stoned Dried Breaking fast during Ramadan Date
91%
S Berry Pavlova, jam Often dipped in chocolate Strawberry
90%
K Berry Pavlova Not actually from NZ Kiwifruit
87%
B Berry Smoothie Yellow fruit with a slippery peel Banana
86%
C Stoned Dessert Often on top of desserts Cherry
84%
F Multiple Jam, dried Used in Christmas puddings Fig
80%
W Hard shell Fruit salad, juice Like M, but with pink, saturated flesh Watermelon
80%
H Berry Jam, pudding ___________ Finn Huckleberry
79%
R Berry Jam Gives its name to tiny computers Raspberry
77%
P Stoned Chutney Naughty emoji Peach
74%
V Capsules Ice Cream Popular flavoring in sweet foods Vanilla
69%
M Hard shell Fruit salad Big fruit with soft flesh and lost of seeds Melon
67%
Z Citrus* Marmalade Scrape the skin of L or O to get this Zest
66%
N Stoned Chutney Like P but with furry skin Nectarine
63%
E Berry Traditional medicine Poisonous when eaten raw Elderberry
61%
J Berry Gin Berries used to flavor gin Juniper berry
61%
U Citrus Fruit salad Not the prettiest fruit Ugli fruit
56%
Q Cored Jelly Very hard fruit, cook first Quince
51%
T Citrus Fruit salad Cross between a tangerine and a pomelo Tangelo
36%
I Stoned Jam Plum from Italy Italian plum
6%
Y Stoned Jam, dried Like I, but the same color as L Yellow plum
6%
No matching quizzes found
Score Distribution
Percent of People with Each Score
Percentile by Number Answered
Your Score History
You have not taken this quiz